Las insospechadas conexiones entre Manuel Belgrano y la conservación de los bosques nativos / (Registro nro. 32609)
[ vista simple ]
| 000 -CABECERA | |
|---|---|
| campo fijo de control de longitud | 01775nam a2200277 4500 |
| 003 - IDENTIFICADOR DEL NÚMERO DE CONTROL | |
| campo de control | AR-RoBPED |
| 005 - FECHA Y HORADE LA ULTIMA TRANSACCION | |
| campo de control | 20260423104551.0 |
| 008 - ELEMENTOS DE LONGITUD FIJA--INFORMACION GENERAL | |
| campo fijo de control de longitud | 260423b |||||||| |||| 00| 0 spa d |
| 040 ## - FUENTE CATALOGADORA | |
| Centro catalogador/agencia de origen | AR-RoBPED |
| 041 ## - IDIOMA | |
| Código de idioma para texto/pista de sonido o título independiente | spa |
| 100 1# - ENCABEZAMIENTO PRINCIPAL--AUTOR PERSONAL | |
| Nombre de persona | Palma, Juliana |
| 9 (RLIN) | 30794 |
| Función | Licenciada y doctora en Química |
| 245 13 - TITULO | |
| Título | Las insospechadas conexiones entre Manuel Belgrano y la conservación de los bosques nativos / |
| 260 ## - PUBLICACION | |
| Lugar | Buenos Aires : |
| Editor | Noveduc, |
| Fecha | 2024 |
| 300 ## - DESCRIPCION FISICA | |
| Extensión | 16-20 p. |
| 500 ## - NOTA GENERAL | |
| Nota general | Una de las facetas menos conocidas de Manuel Belgrano es la de ser un adelantado a su época en temas ambientales. Desde el Consulado de Buenos Aires, donde ocupaba el cargo de secretario del Virreinato del Río de La Plata, Manuel Belgrano desplegó su pensamiento de naturalista, destacando la importancia de cuidar los bosques y los suelos, ideales que abrazó con fuertes convicciones. Por este motivo, para conmemorar el 20 de junio y teniendo en cuenta la sanción de Ley de Educación Ambiental N° 27.621, se presenta una propuesta de talleres con erspectiva ambiental para el abordaje de contenidos transversales, en los que se destaca este rasgo tan importante del prócer recordado como el creador de la Bandera. |
| 650 #0 - TERMINO DE MATERIA--CONTROLADO | |
| Término controlado | MANUEL BELGRANO |
| 9 (RLIN) | 29103 |
| Término controlado | MEDIO AMBIENTE |
| 9 (RLIN) | 254 |
| Término controlado | CONSERVACION |
| 9 (RLIN) | 9762 |
| Término controlado | BOSQUES |
| 9 (RLIN) | 5100 |
| Término controlado | PROPUESTA DIDÁCTICA |
| 9 (RLIN) | 22005 |
| Término controlado | ACTIVIDADES DIDACTICAS |
| 9 (RLIN) | 18754 |
| 700 ## - ENCABEZAMIENTO SECUNDARIO--AUTOR PERSONAL | |
| Nombre de persona | Saliture, Laura |
| 9 (RLIN) | 30795 |
| Función | Profesora en Educación Inicial, en Educación Primaria y en Ciencias de la Educación |
| 773 0# - DOCUMENTO FUENTE | |
| Host Biblionumber | 20414 |
| Host Itemnumber | 41866 |
| Place, publisher, and date of publication | Buenos Aires : Noveduc, 1993- |
| Título | Novedades Educativas |
| Record control number | (AR-RoBPED)20414 |
| International Standard Serial Number | 03283534 |
| 942 ## - ELEMENTOS KOHA | |
| Fuente de clasificación | Universal Decimal Classification |
| Koha tipo de ítem | Revistas |
| Clasificación | 37(05) |
| Signatura librística | Nov 86 N° 398 (Sept.2024) |
| Número Koha | k.32609 |
| 945 ## - PROCESAMIENTO DE LA INFORMACIÓN LOCAL | |
| Catalogador y fecha | mar 04/2026 |
No hay ítems disponibles.